000 00326nam a2200121Ia 4500
008 190722s9999 xx 000 0 und d
020 _a978-93-325-1813-1
100 _aGary Yukl
245 0 _aLeadership In Organization
260 _aIndia
_bDorling Kindersley (India ) Pvt. Ltd. Pearson ed.
_c2014
300 _a448
942 _cBK
999 _c627
_d627